000 00403 a2200157 4500
001 76018
020 _a9788525052032
040 _cAnchieta - Colégio São Paulo
100 _aOrtega, Denise
240 1 0 _aOs doze trabalhos de Hércules em quadrinhos
_lpor
245 1 0 _aOs doze trabalhos de Hércules em quadrinhos
300 _a148
362 0 _a2012
650 4 _aLiteratura juvenil
942 _cBK
999 _c76018
_d76018